Violent crime and prisons : (Record no. 2797)

MARC details
000 -LEADER
fixed length control field 03396cam a2200505 a 4500
001 - CONTROL NUMBER
control field ocn419795723
003 - CONTROL NUMBER IDENTIFIER
control field OCoLC
005 - DATE AND TIME OF LATEST TRANSACTION
control field 20131004062744.0
008 - FIXED-LENGTH DATA ELEMENTS--GENERAL INFORMATION
fixed length control field 090707s2009 nyua 001 0 eng
010 ## - LIBRARY OF CONGRESS CONTROL NUMBER
LC control number 2009027061
040 ## - CATALOGING SOURCE
Original cataloging agency DLC
Language of cataloging eng
Transcribing agency DLC
Modifying agency YDX
-- BTCTA
-- UKM
-- YDXCP
-- CDX
-- RRP
-- OCLCF
-- OCLCO
015 ## - NATIONAL BIBLIOGRAPHY NUMBER
National bibliography number GBA989077
Source bnb
016 7# - NATIONAL BIBLIOGRAPHIC AGENCY CONTROL NUMBER
Record control number 015366660
Source Uk
020 ## - INTERNATIONAL STANDARD BOOK NUMBER
International Standard Book Number 9781607416685 (hbk.)
020 ## - INTERNATIONAL STANDARD BOOK NUMBER
International Standard Book Number 1607416689 (hbk.)
029 1# - (OCLC)
OCLC library identifier AU@
System control number 000044475938
029 1# - (OCLC)
OCLC library identifier NZ1
System control number 13630538
035 ## - SYSTEM CONTROL NUMBER
System control number (OCoLC)419795723
042 ## - AUTHENTICATION CODE
Authentication code pcc
050 00 - LIBRARY OF CONGRESS CALL NUMBER
Classification number HV6493
Item number .V568 2009
082 00 - DEWEY DECIMAL CLASSIFICATION NUMBER
Classification number 365/.4
Edition number 22
049 ## - LOCAL HOLDINGS (OCLC)
Holding library TZAA
245 00 - TITLE STATEMENT
Title Violent crime and prisons :
Remainder of title population, health conditions and recidivism /
Statement of responsibility, etc Aidan Renshaw and Emelina Suárez, editors.
260 ## - PUBLICATION, DISTRIBUTION, ETC. (IMPRINT)
Place of publication, distribution, etc Hauppauge, NY :
Name of publisher, distributor, etc Nova Science Publishers,
Date of publication, distribution, etc c2009.
300 ## - PHYSICAL DESCRIPTION
Extent xii, 302 p. :
Other physical details ill. (some col.) ;
Dimensions 26 cm.
490 1# - SERIES STATEMENT
Series statement Criminal justice, law enforcement and corrections series
500 ## - GENERAL NOTE
General note Includes index.
504 ## - BIBLIOGRAPHY, ETC. NOTE
Bibliography, etc Includes bibliographical references and index.
505 0# - FORMATTED CONTENTS NOTE
Formatted contents note Extreme temperature as a cause of violence / John Simister and Cary Cooper -- Understanding experiences of incarcerated adolescent male youth: the importance of a develomental framework / Carla Cesaroni and Michele Peterson-Badali -- Unity building as violence prevention: a call for a fundamental paradigm shift / H.B. Danesh -- Interpersonal skills: effects of a training program on quantitative and qualitative response criteria in incarcerated women criminals / Maria Angeles Belena, Maria Jose Baguena and Maria de la Paz Toldos -- Social order in post-communist prisons: the study of prisons in Poland / Barbat Pabjan -- Violence and college students -- prevalence, legal and psychological issues / Dean Lauterbach and Natalie K. Nugent -- Violent crime on television: content and impact / Amir Hetsroni -- Psychopathy and violence: parsing the heterogeneity of aggression and aggressors / Shayen Jones, James Ray and Casey Williams -- Effects of sex and status difference of taget and aggressor on adolescents' assessment of the target in scenarios of aggression / Mario de la Paz Toldos-Romero -- Love, warmth and sexual gratification or, rather, manipulation of power and abuse: female inmates' attitudes toward same-sex sexual relationships in a maximum-security prison / Tomer Einat -- Women and the pains of imprisonment: does gender matter? / Olga Themeli -- HIV-positive prisoners and institutional segregation: a legal and health analysis / Bronwen Lichtenstein -- Counseling in prison: problems and challenges / Theodoros Giovazolias and Olga Themeli -- Using arts therapies with prisoners from drug addiction / L. Schiltz.
650 #0 - SUBJECT ADDED ENTRY--TOPICAL TERM
Topical term or geographic name as entry element Violent crimes.
650 #0 - SUBJECT ADDED ENTRY--TOPICAL TERM
Topical term or geographic name as entry element Prisons.
650 #0 - SUBJECT ADDED ENTRY--TOPICAL TERM
Topical term or geographic name as entry element Prisoners
General subdivision Health and hygiene.
650 #0 - SUBJECT ADDED ENTRY--TOPICAL TERM
Topical term or geographic name as entry element Recidivism.
650 #7 - SUBJECT ADDED ENTRY--TOPICAL TERM
Topical term or geographic name as entry element Prisoners
General subdivision Health and hygiene.
Source of heading or term fast
-- (OCoLC)fst01077147
650 #7 - SUBJECT ADDED ENTRY--TOPICAL TERM
Topical term or geographic name as entry element Prisons.
Source of heading or term fast
-- (OCoLC)fst01077326
650 #7 - SUBJECT ADDED ENTRY--TOPICAL TERM
Topical term or geographic name as entry element Recidivism.
Source of heading or term fast
-- (OCoLC)fst01091365
650 #7 - SUBJECT ADDED ENTRY--TOPICAL TERM
Topical term or geographic name as entry element Violent crimes.
Source of heading or term fast
-- (OCoLC)fst01167321
700 1# - ADDED ENTRY--PERSONAL NAME
Personal name Renshaw, Aidan.
700 1# - ADDED ENTRY--PERSONAL NAME
Personal name Suárez, Emelina.
830 #0 - SERIES ADDED ENTRY--UNIFORM TITLE
Uniform title Criminal justice, law enforcement and corrections.
938 ## -
-- Baker and Taylor
-- BTCP
-- BK0008444984
938 ## -
-- YBP Library Services
-- YANK
-- 3065720
938 ## -
-- Coutts Information Services
-- COUT
-- 10457791
994 ## -
-- C0
-- TZACH

No items available.

African Court on Human and Peoples' Rights | For Inquiries Contact » +255 272 510 510